Vplyv technológie WEDM a elektrolytno-plazmového leštenia na kvalitu obrobeného povrchu
Salvato in:
| Autore principale: | |
|---|---|
| Altri autori: | |
| Natura: | Manoscritto Libro |
| Lingua: | slovacco |
| Pubblicazione: |
2024
|
| Soggetti: | |
| Accesso online: | http://is.stuba.sk/zp/portal_zp.pl?podrobnosti=168808 |
| Tags: |
Nessun Tag, puoi essere il primo ad aggiungerne!!
|
MARC
| LEADER | 00000ntm a22000003a 4500 | ||
|---|---|---|---|
| 001 | stuzp99946 | ||
| 003 | SK-STU | ||
| 005 | 20241104132933.2 | ||
| 007 | ta | ||
| 008 | 150427s2015----xo-----f-mn---000-0-slo-d | ||
| 040 | |a STU |b slo | ||
| 041 | 0 | |a slo | |
| 100 | 1 | |a Marko, Adrián |u 020070 |4 aut |U SjF Strojnícka fakulta |T SjF Ústav výrobného inžinierstva a kvality produkcie |X 116068 |U J0070 |Y 804 |7 116068 | |
| 242 | 0 | 1 | |a Effect of WEDM technology and electrolyte-plasma polishing on quality of the metal surface |y eng |
| 245 | 1 | 0 | |a Vplyv technológie WEDM a elektrolytno-plazmového leštenia na kvalitu obrobeného povrchu |
| 260 | |c 2024 | ||
| 650 | 4 | |a parametre obrábania |2 slo | |
| 650 | 4 | |a kvalita povrchu |2 slo | |
| 650 | 4 | |a elektrolytno-plazmové leštenie |2 slo | |
| 650 | 4 | |a optimalizácia procesov |2 slo | |
| 650 | 4 | |a technológia WEDM |2 slo | |
| 650 | 4 | |a surface quality |2 eng | |
| 650 | 4 | |a WEDM technology |2 eng | |
| 650 | 4 | |a machining parameters |2 eng | |
| 650 | 4 | |a process optimization |2 eng | |
| 650 | 4 | |a electrolytic-plasma polishing |2 eng | |
| 700 | 1 | |a Pokusová, Marcela |u 020070 |k Z1 |4 ths |U SjF Strojnícka fakulta |T SjF Ústav výrobného inžinierstva a kvality produkcie |X 236 |U J0070 |Y 804 |7 A000000236 | |
| 856 | 4 | |u http://is.stuba.sk/zp/portal_zp.pl?podrobnosti=168808 | |
| 996 | |b 284J047614 |c J* 3709/DBP |l JJSK |s A |a 24 |w stuzp99946_0001 | ||